AFI's 100 Years...100 Thrills - Die spannendsten Filme - Statistiken

Allgemein
  • Dieses Quiz wurde 14 mal gespielt
    6 seit der letzten Aktualisierung
  • Das Durchschnittsergebnis liegt bei 26 aus 100
Antwortstatistiken
Bildquiz Hint Antwort % Korrekt
Alfred Hitchcock Psycho
83%
Jonathan Demme Das Schweigen der Lämmer
67%
Francis Ford Coppola Der Pate
67%
Steven Spielberg Der weiße Hai
67%
Alfred Hitchcock Die Vögel
67%
Steven Spielberg E.T. – Der Außerirdische
67%
Steven Spielberg Jäger des verlorenen Schatzes
67%
Merian C. Cooper King Kong und die weiße Frau
67%
George Lucas Krieg der Sterne
67%
Franklin J. Schaffner Planet der Affen
67%
Stanley Kubrick Shining
67%
James Cameron Titanic
67%
Mel Gibson Braveheart
50%
James Whale Frankenstein
50%
Steven Spielberg Jurassic Park
50%
Die Wachowskis Matrix
50%
Quentin Tarantino Pulp Fiction
50%
Michael Curtiz & William Keighley Robin Hood – König der Vagabunden
50%
John G. Avildsen Rocky
50%
John McTiernan Stirb langsam
50%
James Cameron Terminator
50%
Alfred Hitchcock Vertigo – Aus dem Reich der Toten
50%
Stanley Kubrick 2001: Odyssee im Weltraum
33%
Ridley Scott Alien – Das unheimliche Wesen aus einer fremden Welt
33%
Andrew Davis Auf der Flucht
33%
William Wyler Ben Hur
33%
Ridley Scott Blade Runner
33%
Arthur Penn Bonnie und Clyde
33%
Brian De Palma Carrie
33%
Michael Curtiz Casablanca
33%
Alfred Hitchcock Das Fenster zum Hof
33%
William Friedkin Der Exorzist
33%
Victor Fleming Der Zauberer von Oz
33%
David Lean Die Brücke am Kwai
33%
John Sturges Die glorreichen Sieben
33%
Sidney Lumet Die zwölf Geschworenen
33%
Don Siegel Dirty Harry
33%
Tod Browning Dracula
33%
John Carpenter Halloween
33%
Guy Hamilton James Bond 007 – Goldfinger
33%
David Lean Lawrence von Arabien
33%
Oliver Stone Platoon
33%
Roman Polanski Rosemarys Baby
33%
Stanley Kubrick Spartacus
33%
Martin Scorsese Taxi Driver
33%
Ridley Scott Thelma & Louise
33%
Alfred Hitchcock Bei Anruf Mord
17%
Joel & Ethan Coen Blood Simple – Eine mörderische Nacht
17%
David Lynch Blue Velvet
17%
William Friedkin Brennpunkt Brooklyn
17%
Peter Yates Bullitt
17%
Roman Polanski Chinatown
17%
Robert Aldrich Das dreckige Dutzend
17%
Richard Donner Das Omen
17%
Carol Reed Der dritte Mann
17%
Alfred Hitchcock Der Fremde im Zug
17%
John Schlesinger Der Marathon-Mann
17%
John Huston Der Schatz der Sierra Madre
17%
Steven Spielberg Der Soldat James Ryan
17%
Alfred Hitchcock Der unsichtbare Dritte
17%
Michael Cimino Die durch die Hölle gehen
17%
George A. Romero Die Nacht der lebenden Toten
17%
Alan J. Pakula Die Unbestechlichen
17%
Adrian Lyne Eine verhängnisvolle Affäre
17%
Stanley Kubrick Full Metal Jacket
17%
John Sturges Gesprengte Ketten
17%
Sidney Lumet Hundstage
17%
Tobe Hooper Poltergeist
17%
Jan de Bont Speed
17%
James Cameron Terminator 2: Tag der Abrechnung
17%
M. Night Shyamalan The Sixth Sense
17%
Stanley Kubrick Uhrwerk Orange
17%
Steven Spielberg Unheimliche Begegnung der dritten Art
17%
Martin Scorsese Wie ein wilder Stier
17%
George Roy Hill Zwei Banditen
17%
Fred Zinnemann Zwölf Uhr mittags
17%
Fred C. Newmeyer & Sam Taylor Ausgerechnet Wolkenkratzer!
0%
John Boorman Beim Sterben ist jeder der Erste
0%
Alfred Hitchcock Berüchtigt
0%
John Frankenheimer Botschafter der Angst
0%
Albert Lewin Das Bildnis des Dorian Gray
0%
James Bridges Das China-Syndrom
0%
Christian Nyby Das Ding aus einer anderen Welt
0%
George Cukor Das Haus der Lady Alquist
0%
Rupert Julian Das Phantom der Oper
0%
Robert Wise Der Tag, an dem die Erde stillstand
0%
Don Siegel Die Dämonischen
0%
Ronald Neame Die Höllenfahrt der Poseidon
0%
J. Lee Thompson Die Kanonen von Navarone
0%
Charles Laughton Die Nacht des Jägers
0%
John Huston Die Spur des Falken
0%
J. Lee Thompson Ein Köder für die Bestie
0%
Billy Wilder Frau ohne Gewissen
0%
Lawrence Kasdan Heißblütig – Kaltblütig
0%
Orson Welles Im Zeichen des Bösen
0%
Otto Preminger Laura
0%
Alfred Hitchcock Rebecca
0%
Sam Peckinpah The Wild Bunch – Sie kannten kein Gesetz
0%
Terence Young Warte, bis es dunkel ist
0%
Robert Aldrich Was geschah wirklich mit Baby Jane?
0%
Keine übereinstimmenden Quizze gefunden
Verteilung der Resultate
Anzahl Personen mit jedem Resultat
Perzentil nach korrekt beantworteten Fragen
Ihre Resultats-Entwicklung
Sie haben dieses Quiz seit der letzten Aktualisierung nicht gespielt